[Event "World Team-ch Open 2019"]
[Site "Astana"]
[Date "2019.03.11"]
[Round "6.5"]
[White "Adhiban, B.."]
[Black "Jumabayev, Rinat"]
[Result "1/2-1/2"]
[WhiteElo "2683"]
[BlackElo "2609"]
[Annotator "TA"]
[PlyCount "140"]
[EventDate "2019.02.05"]
[EventType "team-tourn"]
[EventCountry "KAZ"]
[SourceTitle "playchess.com"]
[Source "ChessBase"]
[SourceQuality "1"]
[WhiteTeam "India"]
[BlackTeam "Kazakhstan"]
[WhiteTeamCountry "IND"]
[BlackTeamCountry "KAZ"]

{[%evp 26,140,33,16,16,16,12,12,28,13,35,16,14,29,32,19,36,20,20,15,15,10,12,0,0,0,0,0,0,0,0,6,18,7,5,7,12,12,12,12,12,21,20,12,12,13,13,12,12,12,12,12,12,12,20,20,32,12,12,12,12,0,60,0,0,0,12,0,0,0,0,0,0,0,0,0,0,0,0,0,0,0,0,0,0,0,0,0,0,0,0,0,0,0,0,0,0,0,0,0,0,0,0,0,0,0,0,0,0,0,0,0,0,0,0,0,0]} 1. e4 e5 2. Nf3 Nc6 3. Bb5 Nf6 4. O-O Nxe4 5. Re1 Nd6 6. Nxe5 Be7 7. Bf1 Nxe5 8. Rxe5 O-O 9. d4 Bf6 10. Re1 Re8 {C67: Ruy Lopez: Berlin Defence: 4 0-0 Nxe4} 11. Bf4 (11. c3 Rxe1 12. Qxe1 Ne8 13. d5 b6 14. Bf4 Bb7 15. Qd2 h6 16. c4 c6 17. Nc3 cxd5 18. cxd5 {1-0 (36) Nepomniachtchi,I (2763)-Kramnik,V (2777) Wijk aan Zee 2019}) 11... Rxe1 12. Qxe1 Ne8 13. Nc3 c6 14. d5 {LiveBook: 3 Games} d6 15. Bd3 Bd7 $146 ({Predecessor:} 15... g6 16. Rd1 Bd7 17. Bc4 c5 18. Ne4 {½-½ (71) Osmanodja,F (2300)-Szczepkowska,K (2403) Stary Smokovec 2018}) 16. h3 Qb6 17. Rb1 Qa5 18. Qe4 g6 19. Qf3 Bg7 20. b4 Qd8 21. Bc4 Rc8 {[#] Hoping for ...cxd5.} 22. dxc6 Bxc6 23. Nd5 Nc7 24. Rd1 h5 25. a3 {[%cal Ba2a3,Ba3a4,Ba4b5][%mdl 32]} Nxd5 26. Bxd5 Qf6 27. Bxc6 Rxc6 28. Qe4 a6 29. a4 Bf8 30. b5 axb5 31. axb5 Rc5 32. c4 Qe7 33. Qxe7 Bxe7 34. Bxd6 Bxd6 35. Rxd6 Rxc4 $11 {[%mdl 4096] Endgame KR-KR} 36. Rd7 Rc1+ 37. Kh2 h4 38. g4 hxg3+ 39. Kxg3 b6 40. Rb7 Rc3+ 41. f3 Rc4 42. Rxb6 Rb4 43. Kf2 Rb3 (43... g5 $11) 44. Ke2 (44. Rb8+ $14 Kg7 45. b6) 44... Kg7 {The position is equal.} 45. Kf2 Kh6 46. h4 Kh5 47. Kg3 g5 48. hxg5 Kxg5 49. Rb8 Kf5 50. Rb6 Rb2 51. Rh6 Kg5 52. Rb6 Kf5 53. Rb7 f6 54. Rh7 Kg6 55. Rb7 Kf5 56. Rb8 Kg5 57. b6 Kf5 58. b7 Rb3 59. Kh4 Rb1 60. Kg3 Rb2 61. Kh3 Rb3 62. Kg2 Rb2+ 63. Kg3 Rb3 64. Kf2 Rb1 65. Ke3 Re1+ 66. Kd4 Rd1+ 67. Kc5 Rc1+ 68. Kd6 Rd1+ 69. Kc6 Rc1+ 70. Kd6 Rd1+ {Precision: White = 56%, Black = 85%.} 1/2-1/2

[Event "World Team-ch Open 2019"]
[Site "Astana"]
[Date "2019.03.11"]
[Round "6.6"]
[White "Ismagambetov, Anuar"]
[Black "Sasikiran, Krishnan"]
[Result "0-1"]
[WhiteElo "2545"]
[BlackElo "2678"]
[Annotator "TA"]
[PlyCount "102"]
[EventDate "2019.02.05"]
[EventType "team-tourn"]
[EventCountry "KAZ"]
[SourceTitle "playchess.com"]
[Source "ChessBase"]
[SourceQuality "1"]
[WhiteTeam "Kazakhstan"]
[BlackTeam "India"]
[WhiteTeamCountry "KAZ"]
[BlackTeamCountry "IND"]

{[%evp 18,102,10,12,8,2,22,1,11,10,25,6,10,14,14,11,10,-12,0,0,0,-29,-20,-8,-11,-48,-45,-42,-49,-54,-40,-56,-42,-108,-58,-52,-78,-66,-9,-79,-62,-89,-78,-50,-44,-155,-95,-110,-78,-84,-72,-325,-314,-508,-396,-599,-472,-473,-176,-168,-172,-423,-434,-434,-425,-418,-424,-522,-521,-583,-523,-29988,-29987,-29987,-29979,-29979,-29980,-29980,-29981,-29981,-29980,-29974,-29974,-29974,-2431,-29960,-2000]} 1. e4 e5 2. Nf3 Nc6 3. Bb5 a6 4. Ba4 Nf6 5. O-O Be7 6. d3 b5 7. Bb3 d6 8. a4 b4 9. a5 O-O 10. Nbd2 Be6 {C84: Closed Ruy Lopez: Unusual White 6th moves} 11. Nc4 h6 12. Be3 Rb8 {The position is equal.} 13. h3 Re8 {[#]} 14. c3 $146 ({Predecessor:} 14. Nfd2 Bf8 15. Ba4 Bd7 16. f4 exf4 17. Bxf4 Ne5 18. Bb3 {½-½ (30) Safarli,E (2649)-Tkachiev,V (2624) Tromsoe 2014}) 14... bxc3 15. bxc3 Bf8 16. Ba4 Bd7 17. Nfd2 Re6 18. Qf3 Ne7 19. Bxd7 Qxd7 20. d4 exd4 21. cxd4 {aiming for d5.} d5 22. Ne5 Qe8 23. Rab1 Rd8 24. exd5 Nfxd5 25. Ndc4 (25. Nb3 $15) 25... f6 26. Nd3 Ng6 27. g3 Rc6 ({Black should try} 27... Nc3 $1 $15 28. Rbe1 Qb5) 28. Ndb2 (28. Rbc1 $11) 28... Qd7 29. Kg2 Rb8 30. Rbc1 {[#]} Ba3 $1 {[%mdl 512]} 31. Qe2 ({Better is} 31. Nxa3 $15 Rxb2 32. Rxc6 Qxc6 33. Kh2) 31... Bxb2 (31... Qe6 $142 32. Rfe1 Rb3) 32. Nxb2 $17 Re6 $36 {[%mdl 2048] Black has strong initiative.} 33. Nd3 Rbe8 34. Qa2 $2 {[%mdl 8192]} (34. Qh5 $17 Nxe3+ 35. fxe3) 34... Kh8 $19 35. Bd2 $2 ({Don't play} 35. Nc5 Qc6 $1 $19 {[%mdl 512]}) (35. Nf4 Nxe3+ {[%mdl 64] Discovered Attack} 36. fxe3 Nxf4+ 37. Rxf4) 35... Re2 {Threatens to win with ...R8e3!} 36. Rfe1 (36. Nc5 $142 Qf5 37. Qb1 Qxb1 38. Rxb1 Rxd2 39. Rfe1 Rxe1 40. Rxe1) 36... Qf5 {Hoping for ...Ne3+.} 37. Qc4 {[#]} Kh7 $2 (37... Nh4+ $1 {[%mdl 512]} 38. gxh4 R8e3 39. Qxc7 Qxh3+ {[%mdl 64] Double Attack} 40. Kg1 Rxe1+ 41. Nxe1 Rxe1+ 42. Bxe1 Nxc7 43. Rxc7 Qxh4) 38. Rxe2 Rxe2 39. Rd1 $2 (39. Rc2) 39... Qe4+ 40. Kg1 Qf3 41. Bc1 Re4 42. Rf1 {[#]} Nh4 $1 {[%mdl 512] ( -> ...Qg2#)} 43. gxh4 Qxh3 {[%cal Re4g4]} 44. f4 Qg3+ 45. Kh1 Ne3 46. Bxe3 Rxe3 47. Ne1 Qh3+ 48. Kg1 Rg3+ 49. Kf2 Qh2+ 50. Ng2 Qxg2+ 51. Ke1 Qb2 {Accuracy: White = 37%, Black = 68%.} (51... Ra3 $142 52. Rf2 Ra1+ 53. Ke2 Qe4+ 54. Kd2 Qe1+ {[%mdl 64] Double Attack} 55. Kd3 Rd1+ 56. Kc2 Rc1+ {[%mdl 64] Skewer} 57. Kb3 Rxc4 58. Kxc4 Qxf2 {[%mdl 64] Double Attack} 59. h5 Qxf4 60. Kd5 f5 61. Kc5 Qe4 62. d5 f4 63. d6 cxd6+ 64. Kb6 f3 65. Ka7 f2 66. Kxa6 f1=Q+ 67. Kb6 Qg1+ 68. Kb5 Qf2 69. Ka6 Qc6#) 0-1

[Event "World Team-ch Open 2019"]
[Site "Astana"]
[Date "2019.03.11"]
[Round "6.7"]
[White "Ganguly, Surya Shekhar"]
[Black "Kazhgaleyev, Murtas"]
[Result "1-0"]
[WhiteElo "2633"]
[BlackElo "2587"]
[Annotator "TA"]
[PlyCount "75"]
[EventDate "2019.02.05"]
[EventType "team-tourn"]
[EventCountry "KAZ"]
[SourceTitle "playchess.com"]
[Source "ChessBase"]
[SourceQuality "1"]
[WhiteTeam "India"]
[BlackTeam "Kazakhstan"]
[WhiteTeamCountry "IND"]
[BlackTeamCountry "KAZ"]

{[%evp 13,75,30,50,39,47,26,33,35,41,45,39,27,44,33,85,71,54,24,35,33,52,52,54,47,49,58,66,66,66,61,89,63,91,105,94,106,95,92,116,122,197,199,195,160,573,578,555,556,543,535,579,614,581,573,783,794,777,774,723,698,768,830,745,717]} 1. e4 e5 2. Nf3 Nc6 3. Bc4 Nf6 4. d3 Be7 5. O-O O-O 6. Re1 d6 7. a4 Kh8 8. a5 {C55: Two Knights: 4 d3, 4 d4 exd4 5 e5 and Max Lange Attack} a6 9. Nc3 Ng8 10. Nd5 {White is slightly better.} f5 11. h3 fxe4 12. dxe4 Nf6 13. c3 (13. Ra3 Be6 14. Nxf6 Bxc4 15. Nd5 Bb5 {½-½ (67) Caruana,F (2822)-Grischuk,A (2766) Saint Louis 2018}) 13... Nxd5 $146 (13... Bd7 $14) ({Predecessor:} 13... Be6 14. Ba2 Bg8 15. b4 Nxd5 16. exd5 {½-½ (33) Eife,G (1896)-Forsti,E ICCF email 2012}) 14. exd5 $16 Nb8 15. Nd2 Nd7 16. Ne4 Nf6 17. Nxf6 Bxf6 18. Bd3 g6 19. Bh6 Rf7 20. Qd2 Bf5 21. Be2 Qe7 22. c4 Rg8 23. Ra3 Bh4 24. Be3 Bc8 25. Rf1 Rgf8 26. b4 h6 (26... Qe8 $16 {is a better defense.}) 27. Bxh6 $18 Bxf2+ 28. Kh1 Rg8 $2 {[#]} (28... Re8 $16) 29. Bg5 {White is clearly winning.} Qf8 30. Rf3 Rxf3 31. Bxf3 ({Not} 31. gxf3 Bd4 $11) 31... Bd4 32. Be2 Bf5 33. g4 Be4+ 34. Kh2 Qe8 35. Bf6+ Kh7 36. Qg5 {[%cal Rg5h4] [#]} Qf8 37. Be7 Be3 38. Qxe3 {Accuracy: White = 83%, Black = 39%.} ({Weaker is} 38. Bxf8 Bxg5 39. Rf7+ {[%mdl 64] Double Attack} Kh8 $16) 1-0

[Event "World Team-ch Open 2019"]
[Site "Astana"]
[Date "2019.03.11"]
[Round "6.8"]
[White "Makhnev, Denis"]
[Black "Sethuraman, S.P."]
[Result "0-1"]
[WhiteElo "2476"]
[BlackElo "2637"]
[Annotator "TA"]
[PlyCount "88"]
[EventDate "2019.02.05"]
[EventType "team-tourn"]
[EventCountry "KAZ"]
[SourceTitle "playchess.com"]
[Source "ChessBase"]
[SourceQuality "1"]
[WhiteTeam "Kazakhstan"]
[BlackTeam "India"]
[WhiteTeamCountry "KAZ"]
[BlackTeamCountry "IND"]

{[%evp 18,87,18,8,22,0,0,-20,-13,-35,-26,-54,-54,-53,-41,-50,-56,-41,-56,-42,-10,-27,-3,0,0,-26,-23,-61,-61,-122,-123,-110,-110,-123,-137,-129,-128,-121,-108,-132,-125,-136,-69,-118,-76,-243,-214,-211,-171,-211,-207,-274,-256,-356,-351,-295,-216,-253,-183,-395,-214,-851,-806,-3960,-3230,-4133,-3252,-1684,-1043,-775,-772,-29999]} 1. d4 Nf6 2. c4 e6 3. g3 c5 4. d5 exd5 5. cxd5 d6 6. Nc3 g6 7. Bg2 Bg7 8. Nf3 O-O 9. O-O Re8 10. Bf4 Bf5 {A62: Modern Benoni: Fianchetto Variation without early ...Nbd7} 11. Nd2 (11. Bg5 h6 12. Bxf6 Bxf6 13. Nd2 Bc8 14. Nc4 Bxc3 15. bxc3 b5 16. Nd2 Nd7 17. Re1 a5 18. Qc2 {½-½ (29) Tomashevsky,E (2702)-Svidler,P (2763) Palma de Mallorca 2017}) 11... Nh5 12. e4 Nxf4 {The position is equal.} 13. gxf4 Bd7 14. Nc4 Bxc3 $1 15. bxc3 Bb5 16. Qb3 Bxc4 17. Qxc4 Nd7 18. Qd3 {[#]} Qf6 $146 19. Qg3 c4 20. Rfe1 Qg7 21. Rab1 Rab8 22. Rb4 b5 {[%cal Bb7b5,Bb5a4][%mdl 32]} 23. Reb1 {[#]} ({Better is} 23. Rbb1 $15) 23... a6 $1 $17 24. a4 bxa4 25. Rxb8 Rxb8 26. Rxb8+ Nxb8 27. Bf1 Nd7 28. Bxc4 Qf6 29. Qe3 a5 (29... a3 $17 30. Ba2 h6) 30. Kf1 h6 31. Ke1 $2 (31. Bb5 $17 {was called for.}) 31... g5 $19 32. fxg5 hxg5 33. Kd1 Nc5 34. f3 Qe5 35. Qg1 Qf4 36. Kc2 Kf8 ({Not} 36... Qxf3 37. Qxg5+ Kh7 38. Qf5+ Qxf5 39. exf5 $15) 37. Qg2 f5 38. Qh3 $2 (38. Kb2) 38... Kg7 (38... fxe4 $142 39. fxe4 Kg7) 39. Qh5 $2 (39. Qxf5 Qxh2+ 40. Kd1) 39... fxe4 40. fxe4 Qxe4+ {[%mdl 64] [#] Double Attack} 41. Kb2 Qxc4 42. Qxg5+ Kf7 {( -> ...a3+!)} 43. Qh5+ Ke7 {Hoping for ...a3+!} 44. Ka3 Qb3# {Accuracy: White = 21%, Black = 62%.} 0-1

[Event "World Team-ch Open 2019"]
[Site "Astana"]
[Date "2019.03.11"]
[Round "6.9"]
[White "Maghsoodloo, Parham"]
[Black "Adams, Michael"]
[Result "0-1"]
[WhiteElo "2673"]
[BlackElo "2708"]
[Annotator "TA"]
[PlyCount "138"]
[EventDate "2019.02.05"]
[EventType "team-tourn"]
[EventCountry "KAZ"]
[SourceTitle "playchess.com"]
[Source "ChessBase"]
[SourceQuality "1"]
[WhiteTeam "Iran"]
[BlackTeam "England"]
[WhiteTeamCountry "IRI"]
[BlackTeamCountry "ENG"]

{[%evp 13,138,5,24,21,24,16,19,19,23,23,23,17,35,42,45,33,50,0,30,18,28,28,29,33,32,23,33,32,23,20,27,26,28,33,25,31,43,21,51,21,45,0,23,8,7,-37,-38,-25,-18,-28,-26,-20,0,0,0,-14,-12,-11,-35,-80,0,0,0,-13,0,-14,0,-253,-257,-357,-355,-529,-258,-250,-189,-384,-384,-457,-425,-434,-451,-583,-480,-480,-478,-614,-587,-502,-509,-480,-494,-476,-401,-576,-511,-989,-908,-1200,-1080,-6407,-1242,-3735,-3022,-29967,-29964,-29963,-29967,-29971,-29966,-29959,-29964,-29960,-29962,-29972,-29973,-29979,-29980,-29980,-29981,-29980,-29981,-29980,-29982,-29988,-29989,-29989,-29989]} 1. d4 Nf6 2. c4 e6 3. Nf3 d5 4. Nc3 Be7 5. Bg5 h6 6. Bh4 O-O 7. Qc2 c5 8. dxc5 {D53: Queen's Gambit Declined: 4 Bg5 Be7: Early deviations} Na6 9. e3 Nxc5 10. cxd5 {The position is equal.} Nxd5 {White must now prevent ...Nb4.} 11. Bxe7 (11. Nxd5 exd5 12. Bxe7 Qxe7 13. Rc1 b6 14. Be2 Bg4 15. O-O Rad8 16. Nd4 Bxe2 17. Qxe2 Qf6 18. Rfd1 a5 19. h3 Rc8 20. Rc2 Ne4 {1-0 (39) Riazantsev,A (2649)-Miton,K (2588) St Petersburg 2018}) 11... Nxe7 12. Be2 Bd7 13. b4 $146 ({Predecessor:} 13. O-O Rc8 14. Rfd1 Qc7 15. Rac1 a6 16. Ne4 b6 17. Nxc5 bxc5 18. Bxa6 {1-0 (41) Beltz,M-Wagner Michel,A Suhl 1979}) 13... Na6 {[%cal Bc5a6,Ba6c7,Bc7d5][%mdl 32]} 14. Qb2 Qb6 15. Rb1 Rfd8 16. O-O Rac8 17. Rfc1 Nc7 18. Ne5 {Strongly threatening Nc4.} Ncd5 19. Nc4 Qc7 20. Ne4 {And now Ncd6 would win.} Qb8 21. b5 Be8 22. a4 b6 23. g3 Nf5 24. Ned2 {aiming for e4.} Nf6 25. Bf1 Nd6 26. Ne5 Nde4 27. Ndc4 Nd5 28. f3 Nc5 29. e4 Nxa4 30. Qa3 Ndc3 31. Rxc3 Nxc3 32. Qxc3 Rc5 {Threatens to win with ...Qc7.} 33. Nd3 Rxb5 34. Rc1 Rc8 35. Qa3 a5 36. Qa2 Bd7 (36... Rh5 $17) 37. Rd1 $11 Rd8 38. Na3 Rh5 39. g4 Rg5 40. h4 $2 {[%mdl 8192]} (40. e5 $11) 40... Qg3+ $1 $19 41. Bg2 Ba4 (41... Qxh4 42. Qb3 $17) 42. Nc2 (42. Rc1 $142 Rxg4 43. fxg4 Rxd3 44. Nc4) 42... Bxc2 (42... Rb5 $142 43. Qc4 Rb4 $1 {[%mdl 512]}) 43. Qxc2 Qxh4 44. Rb1 $2 (44. e5) 44... h5 45. gxh5 Qxh5 46. Kf1 b5 ({Less strong is} 46... Qh2 47. Ne1 $19) 47. Rc1 Rxg2 48. Kxg2 {[#]} Qg5+ $1 49. Kh3 Rxd3 50. Qxd3 {Rc8+ is the strong threat.} Qxc1 51. Qxb5 {[%mdl 4096] Endgame KQ-KQ} Qf4 52. Kg2 Qd2+ 53. Kh3 (53. Kg3 {was necessary.} g5 54. Qe8+ Kg7 55. Qa4) 53... Qd8 54. Qc6 (54. Kg3 $142 g5 55. Kg4) 54... g6 55. Kg4 Qd2 56. Qb5 Qc3 (56... Qb4 $142 57. Qd7 a4) 57. f4 Kg7 58. e5 Qd2 {Black mates.} 59. Qa4 Qb4 60. Qd1 a4 61. Qd8 Qf8 62. Qa5 Qe8 63. Qa7 Qc6 64. Kh4 Qe4 65. Kg4 Qf5+ 66. Kg3 Qd3+ 67. Kh4 a3 {[%cal Ba4a3,Ba3a2][%mdl 32]} 68. Qe7 a2 69. Qa7 Qd2 {Accuracy: White = 42%, Black = 68%.} 0-1

[Event "World Team-ch Open 2019"]
[Site "Astana"]
[Date "2019.03.11"]
[Round "6.10"]
[White "Mcshane, Luke J"]
[Black "Idani, Pouya"]
[Result "1-0"]
[WhiteElo "2661"]
[BlackElo "2604"]
[Annotator "TA"]
[PlyCount "115"]
[EventDate "2019.02.05"]
[EventType "team-tourn"]
[EventCountry "KAZ"]
[SourceTitle "playchess.com"]
[Source "ChessBase"]
[SourceQuality "1"]
[WhiteTeam "England"]
[BlackTeam "Iran"]
[WhiteTeamCountry "ENG"]
[BlackTeamCountry "IRI"]

{[%evp 18,115,0,0,4,0,-2,-18,0,-8,26,31,58,52,54,36,53,9,8,15,19,27,66,52,52,56,75,78,77,73,85,73,78,83,88,89,108,89,91,77,77,77,87,77,77,77,77,77,77,77,107,77,77,76,76,76,76,76,76,0,76,60,76,76,76,76,76,76,83,83,83,0,87,35,83,83,83,83,83,83,106,83,130,127,372,367,345,337,592,585,577,577,570,570,555,555,555,530,550,462]} 1. c4 e6 2. g3 d5 3. Bg2 Nf6 4. Nf3 dxc4 5. Qa4+ Bd7 6. Qxc4 {A13: English Opening: 1...e6} c5 7. Ne5 Qc8 8. Nc3 (8. Qd3 Nc6 9. Nxd7 Qxd7 10. Qxd7+ Kxd7 11. d3 Rc8 12. Nc3 Be7 13. Be3 Rhd8 {½-½ (115) Howell,D (2696)-Adams,M (2703) London 2018}) 8... Nc6 9. Nxd7 Qxd7 10. O-O {LiveBook: 47 Games} Be7 11. d3 Rc8 12. Bg5 Nd4 13. a4 O-O {[#]} (13... Ng4 $5 {[%cal Re7g5]} 14. Bf4 g5 $11) 14. e3 $146 {Strongly threatening Bxf6.} ({Predecessor:} 14. Bxf6 Bxf6 {1-0 (70) Ladva,O (2510)-Blomqvist,E (2567) Puhajarve 2016}) 14... Nc6 15. Bxf6 Bxf6 16. Ne4 Bxb2 17. Rab1 Na5 18. Nxc5 Qd6 19. Qb4 Bc3 20. Qxc3 Rxc5 21. Qa3 $36 {[%mdl 2048] White has some pressure.} Qc7 22. Rfc1 Rxc1+ 23. Rxc1 Qd7 24. Qb4 b6 25. Qb5 Qe7 26. d4 Rd8 27. h4 Nb7 28. Bxb7 Qxb7 $16 {[%mdl 4096] Endgame KQR-KQR} 29. a5 g6 30. Rc6 Rc8 31. Rxc8+ Qxc8 32. axb6 axb6 33. Qxb6 {KQ-KQ} Qa8 34. Qb5 h5 35. Qe5 Qa1+ 36. Kg2 Qc3 37. Qb8+ Kg7 38. Qe5+ Kg8 39. e4 Qb2 40. Qd6 Qe2 41. Qb8+ Kg7 42. Qf4 Qd3 43. Qe3 Qc4 44. Qd2 ({White should play} 44. Kh2 $16) 44... Kf8 (44... e5 $1 $11 {remains equal.}) 45. Kh2 (45. Kf3 $16) 45... Ke8 46. Qb2 Qc6 47. Qb8+ Ke7 48. Qe5 Kd7 49. Kg2 f6 50. Qf4 f5 $2 {[#]} (50... Ke7 $16 {was necessary.} 51. Qe3 Kf7) 51. d5 $1 $18 {[%cal Rd5c6]} exd5 52. exf5 {[%cal Be4f5,Bf5g6,Bg6g7][%mdl 32]} d4+ $2 (52... gxf5 {might work better.} 53. Qxf5+ Kc7 54. Qxh5 d4+ 55. Qf3 Qd7 56. Qf4+ Kc8) 53. Kh2 {White is clearly winning.} d3 54. Qd4+ Qd6 55. Qg7+ Kc6 56. fxg6 d2 {[#]} 57. Qc3+ $1 Kb5 58. g7 {Precision: White = 64%, Black = 52%.} 1-0

[Event "World Team-ch Open 2019"]
[Site "Astana"]
[Date "2019.03.11"]
[Round "6.11"]
[White "Tabatabaei, M.Amin"]
[Black "Howell, David W L"]
[Result "0-1"]
[WhiteElo "2600"]
[BlackElo "2693"]
[Annotator "TA"]
[PlyCount "117"]
[EventDate "2019.02.05"]
[EventType "team-tourn"]
[EventCountry "KAZ"]
[SourceTitle "playchess.com"]
[Source "ChessBase"]
[SourceQuality "1"]
[WhiteTeam "Iran"]
[BlackTeam "England"]
[WhiteTeamCountry "IRI"]
[BlackTeamCountry "ENG"]

{[%evp 18,117,8,5,17,20,0,0,0,0,0,0,0,-6,0,-20,0,-12,0,0,15,4,12,0,0,-54,-55,-65,-41,-58,-58,-78,-13,-112,-112,-141,-116,-171,-183,-176,-155,-164,-150,-183,-180,-190,-87,-174,-184,-183,-184,-177,-174,-190,-183,-183,-152,-153,-156,-196,-196,-231,-212,-252,-261,-267,-263,-443,-431,-420,-418,-602,-368,-327,-327,-595,-345,-325,-299,-350,-333,-365,-359,-369,-366,-370,-370,-362,-358,-403,-385,-439,-430,-562,-547,-730,-698,-1056,-1057,-1004,-988,-880]} 1. Nf3 Nf6 2. c4 c5 3. Nc3 Nc6 4. e3 e6 5. d4 d5 6. a3 dxc4 7. Bxc4 a6 8. O-O b5 9. Ba2 Bb7 10. Qe2 cxd4 {D40: Queen's Gambit Declined: Semi-Tarrasch with 5 e3} 11. Rd1 {[%cal Re3d4]} b4 12. exd4 {And now d5 would win.} bxc3 {The position is equal.} 13. d5 $1 {[%cal Rd5c6] [#]} Nxd5 $1 {[#]} 14. Rxd5 $146 (14. Bxd5 Nd4) ({Predecessor:} 14. Bxd5 Nd4 15. Rxd4 Bxd5 16. bxc3 Bc5 17. Rg4 Qf6 18. Ne5 {½-½ (47) Gelfand,B (2703)-Leko,P (2690) Batumi 2018}) 14... Qc7 $1 15. bxc3 Be7 16. Rh5 Rd8 $36 {[%mdl 2048] Black is pushing.} 17. Be3 g6 18. Rh3 h5 (18... Bxa3 19. Bxe6 $1 {[%mdl 512]} fxe6 20. Rxa3 $14) 19. Rb1 {Black must now prevent Bb6.} Rd7 20. Ng5 Nd8 21. Nf3 (21. Qc2 $11) 21... Be4 $1 $15 {[%cal Re4b1]} ({Weaker is} 21... Bxa3 22. Bd4 $16) 22. Bb6 Qf4 23. Re1 Bf5 24. Be3 Qa4 ({Better is} 24... Qd6 $17 25. Bd4 Rh7) 25. Bd4 (25. Ne5 $11 Bxh3 26. Nxd7 Bxg2 27. Kxg2 Qxd7 28. Qxa6) 25... O-O $17 ({Reject} 25... Bxh3 $6 26. Bxh8 Qg4 27. g3 $15) 26. Qe5 {[%csl Gd4][%cal Re5h8]} Rxd4 27. Nxd4 (27. cxd4 $17 Nc6 28. Qe3 Bxh3 29. gxh3) 27... Bxh3 $19 28. gxh3 Qxa3 ({Much less strong is} 28... Bxa3 29. Bb3 $17) 29. Bb3 a5 30. Qb5 Bf6 31. Kg2 Qb2 (31... Bxd4 $19 {and Black stays clearly on top.} 32. cxd4 {[#]} Nc6 $1 {[%mdl 576] Deflection} 33. Qxc6 Qxb3) 32. Re3 (32. Nxe6 $17 {was called for.} Nxe6 33. Rxe6) 32... Bxd4 33. cxd4 Qxd4 34. Qxa5 Nb7 35. Qg5 Nc5 36. Bc2 Qd5+ 37. Qxd5 exd5 $17 {[%mdl 4096] Endgame KRB-KRN} 38. Re5 Rd8 39. Bd1 Kg7 40. Bf3 Ne6 41. Kg3 d4 42. Be2 $2 (42. Ra5) 42... Kf6 $19 43. Ra5 Rc8 44. h4 (44. Ra1 $142) 44... Rc2 45. Bf1 Rc1 46. Be2 $2 (46. Ba6) 46... Rg1+ 47. Kf3 Rg4 48. Ra6 Rxh4 49. Kg3 Re4 50. Bc4 Rg4+ 51. Kf3 Rf4+ 52. Kg2 Rf5 53. Kg3 {[#]} h4+ $1 54. Kg2 (54. Kxh4 Rxf2) 54... g5 {Black is clearly winning.} 55. Rb6 Rc5 56. Rb4 Nf4+ 57. Kf3 Kf5 {[%csl Gf5][%cal Rg5g4]} 58. h3 Nxh3 59. Bd3+ {Accuracy: White = 28%, Black = 75%.} 0-1

[Event "World Team-ch Open 2019"]
[Site "Astana"]
[Date "2019.03.11"]
[Round "6.12"]
[White "Speelman, Jon S"]
[Black "Firouzja, Alireza"]
[Result "0-1"]
[WhiteElo "2516"]
[BlackElo "2657"]
[Annotator "TA"]
[PlyCount "64"]
[EventDate "2019.02.05"]
[EventType "team-tourn"]
[EventCountry "KAZ"]
[SourceTitle "playchess.com"]
[Source "ChessBase"]
[SourceQuality "1"]
[WhiteTeam "England"]
[BlackTeam "Iran"]
[WhiteTeamCountry "ENG"]
[BlackTeamCountry "IRI"]

{[%evp 12,64,0,-7,0,0,0,6,4,-14,-14,-12,-2,-83,-85,-93,-97,-114,-104,-126,-123,-164,-142,-156,-160,-149,-135,-145,-137,-228,-223,-235,-229,-376,-381,-381,-377,-364,-373,-414,-404,-749,-738,-685,-670,-908,-858,-991,-988,-988,-977,-1514,-1527,-29992,-29993]} 1. Nf3 Nf6 2. g3 g6 3. b3 d5 4. Bb2 c5 5. Bg2 Bg7 6. O-O O-O 7. e3 {LiveBook: 23 Games. A05: Réti Opening: 1 Nf3 Nf6} (7. c4 d4 8. b4 Nfd7 9. a3 e5 10. d3 Nc6 11. Nbd2 a5 12. Ne4 axb4 13. axb4 Rxa1 14. Qxa1 cxb4 15. e3 dxe3 16. fxe3 Qe7 {0-1 (50) Zvjaginsev,V (2642)-Inarkiev,E (2693) Moscow 2018}) 7... Re8 8. d4 $146 ({Predecessor:} 8. c4 dxc4 9. bxc4 Nc6 10. Ne5 Na5 11. d4 Nd7 12. Nxd7 Bxd7 13. Qe2 Qb6 14. Rd1 Nxc4 15. Qxc4 Qxb2 {0-1 (33) Karas,M (2224)-Pechac,J (2449) Slovakia 2018}) 8... cxd4 9. exd4 {The position is equal.} Bf5 {[%cal Bc8f5,Bf5d3,Bd3c4,Bc4d5][%mdl 32]} 10. c4 dxc4 11. bxc4 Nc6 12. Qb3 (12. Na3 $11 {remains equal.}) 12... Na5 $17 13. Qb4 Bd3 14. Rc1 Bxc4 $1 15. Nbd2 ({But not} 15. Rxc4 $2 Nd5 $19) 15... Bd5 16. Nb3 Nc6 17. Qb5 a6 18. Qe2 Bh6 19. Rd1 Qb6 20. Nc5 {[#]} (20. Ne5 $17) 20... e5 $1 $19 {[%mdl 512]} 21. Qc2 (21. dxe5 Qxc5) 21... exd4 {Threatens to win with ...Nb4.} 22. Nxd4 {[#]} (22. Bc1 {might work better.} Bf8 23. Nd3) 22... Bxg2 $1 23. Kxg2 Nxd4 24. Bxd4 {And now Ne4 would win.} Qc6+ 25. Kg1 {[#]} Ne4 $1 {[%cal Re4g5] ...Ng5 is the strong threat.} 26. Nxe4 (26. f4 $142 Bf8 27. Nxe4 Qxc2 28. Nf6+ Kg7 29. Nxe8+ Kh6 30. Nf6) 26... Qxc2 27. Nf6+ Kf8 28. Nd7+ Ke7 29. Bc5+ Ke6 30. Rd6+ Kf5 31. Rd5+ Kg4 32. Rad1 Kh3 {Precision: White = 31%, Black = 86%.} 0-1